Guía para la elaboración de un manual de evaluación del profesorado: un metamanual

محفوظ في:
التفاصيل البيبلوغرافية
المؤلفون الرئيسيون: Farland, Dale S (مؤلف), Gullickson, Arlen R (مؤلف)
التنسيق: كتاب
اللغة:الإسبانية
منشور في: Bilbao Mensajero 1998
سلاسل:Colección Recursos e Instrumentos PsicoPedagógicos
الموضوعات:
الوسوم: إضافة وسم
لا توجد وسوم, كن أول من يضع وسما على هذه التسجيلة!

MARC

LEADER 00000nam a2200000 a 4500
001 UCP8473
003 CL-VaPUC
008 000303e19980000SP |||||||||||||||||spa|d
082 0 4 |a 371.144  |b FAR  |2 21 
100 0 |a Farland, Dale S  |e author  |9 438443 
700 0 |a Gullickson, Arlen R  |e author  |9 438444 
245 1 0 |a Guía para la elaboración de un manual de evaluación del profesorado: un metamanual 
300 |a 190 p 
942 |c BK 
945 |d 20000303 00:00:00  |a rbrito 
260 |a Bilbao  |b Mensajero  |c 1998 
650 0 |a Evaluación docente  |9 382859 
650 0 |a Evaluación de la educación   |9 237505 
650 0 |a Formación profesional de profesores  |9 307493 
583 |a last modification  |c 20000303 00:00:00  |k Rodrigo Vera 
490 0 |a Colección Recursos e Instrumentos PsicoPedagógicos 
999 |c 285369  |d 285367 
952 |0 0  |1 0  |4 0  |6 371_144000000000000_FAR_1998  |7 0  |8 A  |9 329918  |a BIBEDU  |b BIBEDU  |d 2019-11-20  |i 3596753  |o 371.144 FAR 1998  |p 3596753  |r 2019-11-20  |w 2019-11-20  |y BK  |k EPE 
952 |0 0  |1 0  |4 0  |6 371_144000000000000_FAR_1998  |7 0  |8 A  |9 329919  |a BIBEDU  |b BIBEDU  |d 2019-11-20  |i 3699064  |o 371.144 FAR 1998  |p 3699064  |r 2019-11-20  |w 2019-11-20  |y BK  |k EPE